000 00733nam a2200241Ia 4500
003 OSt
005 20220927111227.0
006 a|||||r|||| 00| 0
007 ta
008 220926b |||||||| |||| 00| 0 eng d
024 _a109283
037 _cReports
040 _aRTL
_cRTL
_beng
041 _2eng
_aeng
082 _a"X9(JB).235r, (GD)"
110 _a"Maharashtra, Government of.... Forest (Department of...)"
_9381698
245 0 _aAnnual administration report
260 _aBombay
_bGovernment Press India
650 _aForestry Industry
700 _a"Maharashtra, Government of.... Forest (Department of...)"
_9381699
942 _h"X9(JB).235r, (GD)"
_cCC
999 _c698857
_d698857